LEADER 01536nam--2200421---450- 001 990000434310203316 005 20100827112336.0 010 $a88-13-19646-6 035 $a0043431 035 $aUSA010043431 035 $a(ALEPH)000043431USA01 035 $a0043431 100 $a20010509d1996----km-y0itay0103----ba 101 $aita 102 $aIT 105 $a||||||||001yy 200 1 $aProfili di relazionalità della colpa$econtributo al una teoria della responsabilità extracontrattuole$fFabrizio Cafaggi 210 $aPadova$cCEDAM$d1996 215 $aXVIII, 594 p.$d24 cm 225 2 $aPubblicazione dell'Istituto di diritto privato dell'università di Roma$v50 410 $12001$aPubblicazione dell'Istituto di diritto privato dell'università di Roma 461 1$1001-------$12001 606 0 $aResponsabilità extracontrattuale 676 $a346.4503 700 1$aCAFAGGI,$bFabrizio$0139960 801 0$aIT$bsalbc$gISBD 912 $a990000434310203316 951 $aXXV.1. Coll 50/ 32 (X 20 XXIII 50)$b11142 G$cXXV.1. Coll 50/ 32 (X 20 XXIII)$d00287990 951 $aXXV.1. Coll 50/ 32a (X 20 XXIII 50)$b5090 G$cXXV.1. Coll 50/ 32a (X 20 XXIII)$d00212694 959 $aBK 969 $aGIU 979 $aPATTY$b90$c20010509$lUSA01$h0943 979 $c20020403$lUSA01$h1651 979 $aPATRY$b90$c20040406$lUSA01$h1630 979 $aFIORELLA$b90$c20070115$lUSA01$h1338 979 $aRSIAV4$b90$c20100827$lUSA01$h1123 996 $aProfili di relazionalità della colpa$9279730 997 $aUNISA